<?xml version="1.0" encoding="UTF-8"?>
<record
    xmlns:xsi="http://www.w3.org/2001/XMLSchema-instance"
    xsi:schemaLocation="http://www.loc.gov/MARC21/slim http://www.loc.gov/standards/marcxml/schema/MARC21slim.xsd"
    xmlns="http://www.loc.gov/MARC21/slim">

  <leader>00832nam a22001577a 4500</leader>
  <controlfield tag="008">120509t        xxu||||| |||| 00| 0 eng d</controlfield>
  <datafield tag="020" ind1=" " ind2=" ">
    <subfield code="a">9788171946051</subfield>
  </datafield>
  <datafield tag="050" ind1=" " ind2=" ">
    <subfield code="a">HF1017.T42</subfield>
  </datafield>
  <datafield tag="100" ind1=" " ind2=" ">
    <subfield code="a">Thukral J.K.</subfield>
  </datafield>
  <datafield tag="245" ind1=" " ind2=" ">
    <subfield code="a">Taxmann's business statistics. /</subfield>
    <subfield code="c"> J.K. Thukral </subfield>
  </datafield>
  <datafield tag="260" ind1=" " ind2=" ">
    <subfield code="a">New Delhi :</subfield>
    <subfield code="b">Taxmann Publications,</subfield>
  </datafield>
  <datafield tag="300" ind1=" " ind2=" ">
    <subfield code="a">various pagings :</subfield>
    <subfield code="b">ill. ;</subfield>
    <subfield code="c">25 cm.</subfield>
  </datafield>
  <datafield tag="505" ind1=" " ind2=" ">
    <subfield code="a">Contents: Statistics: an overview -- Collection, classification and presentation of data -- Measures of central tendency -- Measures of dispersion -- Moments, skewness and Kurtosis -- Correlation analysis -- Regression analysis -- Index numbers -- Analysis of time series -- Introduction to probability -- Binomial distribution -- Poisson distribution -- Normal distribution -- Statistical decision theory.</subfield>
  </datafield>
  <datafield tag="650" ind1=" " ind2=" ">
    <subfield code="a">Statistics.</subfield>
  </datafield>
  <datafield tag="942" ind1=" " ind2=" ">
    <subfield code="2">lcc</subfield>
    <subfield code="c">BK</subfield>
  </datafield>
  <datafield tag="999" ind1=" " ind2=" ">
    <subfield code="c">846</subfield>
    <subfield code="d">8346</subfield>
  </datafield>
  <datafield tag="952" ind1=" " ind2=" ">
    <subfield code="0">0</subfield>
    <subfield code="1">0</subfield>
    <subfield code="2">lcc</subfield>
    <subfield code="4">0</subfield>
    <subfield code="7">0</subfield>
    <subfield code="a">WIUC-1</subfield>
    <subfield code="b">WIUC-1</subfield>
    <subfield code="c">GEN</subfield>
    <subfield code="d">2012-05-09</subfield>
    <subfield code="l">0</subfield>
    <subfield code="o">HF1017.T42</subfield>
    <subfield code="p">2014/12</subfield>
    <subfield code="r">2012-05-09 00:00:00</subfield>
    <subfield code="t">1</subfield>
    <subfield code="w">2012-05-09</subfield>
    <subfield code="y">BK</subfield>
  </datafield>
  <datafield tag="952" ind1=" " ind2=" ">
    <subfield code="0">0</subfield>
    <subfield code="1">0</subfield>
    <subfield code="2">lcc</subfield>
    <subfield code="4">0</subfield>
    <subfield code="7">0</subfield>
    <subfield code="a">WIUC-1</subfield>
    <subfield code="b">WIUC-1</subfield>
    <subfield code="c">GEN</subfield>
    <subfield code="d">2012-05-09</subfield>
    <subfield code="l">0</subfield>
    <subfield code="o">HF1017.T421</subfield>
    <subfield code="p">2015/12</subfield>
    <subfield code="r">2012-05-09 00:00:00</subfield>
    <subfield code="t">2</subfield>
    <subfield code="w">2012-05-09</subfield>
    <subfield code="y">BK</subfield>
  </datafield>
  <datafield tag="952" ind1=" " ind2=" ">
    <subfield code="0">0</subfield>
    <subfield code="1">0</subfield>
    <subfield code="2">lcc</subfield>
    <subfield code="4">0</subfield>
    <subfield code="7">0</subfield>
    <subfield code="a">WIUC-1</subfield>
    <subfield code="b">WIUC-1</subfield>
    <subfield code="c">GEN</subfield>
    <subfield code="d">2012-05-09</subfield>
    <subfield code="l">0</subfield>
    <subfield code="o">HF1017.T422</subfield>
    <subfield code="p">6613/12</subfield>
    <subfield code="r">2018-08-27 00:00:00</subfield>
    <subfield code="t">3</subfield>
    <subfield code="w">2012-05-09</subfield>
    <subfield code="y">BK</subfield>
  </datafield>
  <datafield tag="952" ind1=" " ind2=" ">
    <subfield code="0">0</subfield>
    <subfield code="1">0</subfield>
    <subfield code="2">lcc</subfield>
    <subfield code="4">0</subfield>
    <subfield code="7">0</subfield>
    <subfield code="a">WIUC-1</subfield>
    <subfield code="b">WIUC-1</subfield>
    <subfield code="c">GEN</subfield>
    <subfield code="d">2012-05-09</subfield>
    <subfield code="l">0</subfield>
    <subfield code="o">HF1017.T423</subfield>
    <subfield code="p">6614/12</subfield>
    <subfield code="r">2018-08-27 00:00:00</subfield>
    <subfield code="t">4</subfield>
    <subfield code="w">2012-05-09</subfield>
    <subfield code="y">BK</subfield>
  </datafield>
  <datafield tag="952" ind1=" " ind2=" ">
    <subfield code="0">0</subfield>
    <subfield code="1">0</subfield>
    <subfield code="2">lcc</subfield>
    <subfield code="4">0</subfield>
    <subfield code="7">0</subfield>
    <subfield code="a">WIUC-1</subfield>
    <subfield code="b">WIUC-1</subfield>
    <subfield code="c">GEN</subfield>
    <subfield code="d">2012-05-09</subfield>
    <subfield code="l">0</subfield>
    <subfield code="o">HF1017.T424</subfield>
    <subfield code="p">6615/12</subfield>
    <subfield code="r">2018-08-27 00:00:00</subfield>
    <subfield code="t">5</subfield>
    <subfield code="w">2012-05-09</subfield>
    <subfield code="y">BK</subfield>
  </datafield>
  <datafield tag="952" ind1=" " ind2=" ">
    <subfield code="0">0</subfield>
    <subfield code="1">0</subfield>
    <subfield code="2">lcc</subfield>
    <subfield code="4">0</subfield>
    <subfield code="7">0</subfield>
    <subfield code="a">WIUC-1</subfield>
    <subfield code="b">WIUC-1</subfield>
    <subfield code="c">GEN</subfield>
    <subfield code="d">2012-05-09</subfield>
    <subfield code="l">0</subfield>
    <subfield code="o">HF1017.T425</subfield>
    <subfield code="p">6616/12</subfield>
    <subfield code="r">2018-08-27 00:00:00</subfield>
    <subfield code="t">6</subfield>
    <subfield code="w">2012-05-09</subfield>
    <subfield code="y">BK</subfield>
  </datafield>
</record>
